| 000 | 00567nam a2200193 i 4500 | ||
|---|---|---|---|
| 001 | 34582 | ||
| 003 | ES-MaACL | ||
| 005 | 20250820063023.0 | ||
| 007 | t| | ||
| 008 | 030207s1975 sp ||||1| spa d | ||
| 100 | 1 |
_aBonilla, Luis, _d1912- _930180 |
|
| 245 | 1 | 0 |
_aBreve historia de la Técnica y del Trabajo / _cLuis Bonilla. |
| 260 |
_aMadrid : _bIstmo, _c[1975] |
||
| 300 |
_a292 p. ; _c18 cm. |
||
| 490 | 1 |
_aFundamentos ; _v47 |
|
| 830 | 0 | 0 |
_aFundamentos (Ediciones Istmo) _v47 _9121682 |
| 852 |
_aES-MaACL _jE-7429 _bR.92016 |
||
| 999 |
_c34582 _d34582 |
||